|
|
|
|
| LEADER |
00988nab a2200253 i 4500 |
| 001 |
tort443 |
| 005 |
20221111085237.0 |
| 008 |
221111s2022 hu o 0|| zxx d |
| 040 |
|
|
|a PEREPO TORTENET
|b hun
|
| 041 |
|
|
|a zxx
|
| 245 |
0 |
0 |
|a Mindenki játszik!
|h [elektronikus dokumentum] :
|b ez volt a fő irányvonala az E-sport szakmai konferenciának
|
| 260 |
|
|
|a Maraton Lapcsoport Kft
|b Zalaegerszeg, Magyarország
|c 2022-10-06
|
| 300 |
|
|
|a 6
|
| 490 |
0 |
|
|a Zalaegerszegi 7 nap
|v 10 No. 37
|
| 695 |
|
|
|a Pannon Egyetem Zalaegerszegi Egyetemi Központ - PE ZEK
|
| 695 |
|
|
|a konferencia
|
| 695 |
|
|
|a e-sport
|
| 695 |
|
|
|a Németh István dr.
|
| 695 |
|
|
|a Németh Gábor
|
| 695 |
|
|
|a Gecse Péter
|
| 695 |
|
|
|a rendezvény
|
| 695 |
|
|
|a Zalaegerszegi Torna Egylet - ZTE
|
| 700 |
0 |
1 |
|a Jóna István
|
| 856 |
4 |
0 |
|u https://perepo-tortenet.uni-pannon.hu/id/eprint/443/1/2022-10-06_zalaegerszegi_7_nap_Mindenki%20j%C3%A1tszik%21%20%2810.%20%C3%A9vf.%2037.%20sz.%2C%20p.%206.%29.pdf
|z Dokumentum-elérés
|